000 00773nam a2200229 i 4500
001 bgj
100 1 _aNIXON, Rosemary
245 1 0 _aMatrix :
_bpre-intermediate matura practice : nowa matura /
_cRosemary Nixon ; with Kathy Gude ; Michael Duckworth ; and Danuta Gryca.
260 _aOxford :
_bOxford University Press,
_c2004.
300 _a71 pp :
_bill. ;
_c28 cm.
650 9 _aEnglish language
_xSecondary schools
_xPre-intermediate
_xNowa |Matura
655 _aTextbooks for foreigners
700 1 _aGUDE, Kathy.
_eco-author
700 1 _aDUCKWORTH, Michael.
_eco-author
700 1 _aGRYCA, Danuta.
_eco-author
020 _a0194337375
040 _cBPK
041 0 _aeng
920 _a0-19-433737-5
942 _cKS
008 s uk f |000 0 eng
999 _c49081
_d49081
856 _uhttp://koha.tu.koszalin.pl/cgi-bin/koha/opac-detail.pl?biblionumber=49081
_yKatalog online BPK